| 000 | 00599pam a2200181 a 4500 | ||
|---|---|---|---|
| 020 | _a0070415153 : | ||
| 082 | 0 | 0 |
_a624 _bSTA _cL-21, P-59 |
| 245 | 0 | 0 |
_aStandard handbook for civil engineers / _cFrederick S. Merritt, editor. |
| 250 | _a3rd ed. | ||
| 260 |
_aNew York : _bMcGraw-Hill, _cc1983. |
||
| 300 |
_a1 v. (various pagings) : _bill. ; _c25 cm. |
||
| 526 |
_a0 _b0 _c0 _d624_000000000000000_STA |
||
| 526 |
_a0 _b0 _c0 _d624_000000000000000_STA |
||
| 650 | 0 |
_aCivil engineering _xHandbooks, manuals, etc. _919839 |
|
| 650 | 0 |
_aMCE _9379 |
|
| 700 | 1 |
_aMerritt, Frederick S. _926167 |
|
| 942 |
_2ddc _cBK |
||
| 999 |
_c546181 _d546181 |
||